Memoria... acerca del Instituto Provincial de León durante el curso de 1872 a 1873 / (Record no. 43503)

MARC details
000 -LEADER
campo de control de longitud fija 00535nam a2200157 i 4500
001 - NÚMERO DE CONTROL
campo de control 43503
003 - IDENTIFICADOR DE NÚMERO DE CONTROL
campo de control ES-MaACL
005 - FECHA Y HORA DE LA ÚLTIMA TRANSACCIÓN
campo de control 20230906160820.0
007 - CAMPO FIJO DE DESCRIPCIÓN FÍSICA--INFORMACIÓN GENERAL
campo de control de longitud fija t|
008 - DATOS DE LONGITUD FIJA--INFORMACIÓN GENERAL
campo de control de longitud fija 030318s1873 sp ||||1| spa d
100 1# - ENTRADA PRINCIPAL--NOMBRE DE PERSONA
Nombre de persona Castro Pulido, José de.
9 (RLIN) 36951
245 10 - MENCIÓN DEL TÍTULO
Título Memoria... acerca del Instituto Provincial de León durante el curso de 1872 a 1873 /
Mención de responsabilidad, etc. José de Castro y Pulido.
260 ## - PUBLICACIÓN, DISTRIBUCIÓN, ETC.
Lugar de publicación, distribución, etc. León :
Nombre del editor, distribuidor, etc. [s.n.],
Fecha de publicación, distribución, etc. 1873.
610 24 - PUNTO DE ACCESO ADICIONAL DE MATERIA--NOMBRE DE ENTIDAD CORPORATIVA
Nombre de entidad corporativa o nombre de jurisdicción como elemento de entrada Instituto Provincial de Segunda Enseñanza de León-
Subdivisión de forma Memorias.
9 (RLIN) 170650
852 4# - LOCALIZACIÓN
Ubicación ES-MaACL
Número de control de estantería T-152-F-9
Holdings
Estatus retirado Estado de pérdida Estado de daño No para préstamo Colección Biblioteca de origen Biblioteca actual Ubicación en estantería Fecha de adquisición Fuente de adquisición Total de préstamos Signatura topográfica completa Código de barras Visto por última vez Precio de reemplazo Tipo de ítem Koha
        Colección de folletos Biblioteca del Ateneo de Madrid Biblioteca del Ateneo de Madrid Depósito folletos 17/01/2008     T-152-F-9 1045798 23/02/2023 23/02/2023 Folleto